3 Biggest Cities in each Region of Albania - Statistics

General Stats
  • This quiz has been taken 18 times
  • The average score is 19 of 36
Answer Stats
Region + Rank Population City % Correct
Tiranë 1 618,176 Tiranë
100%
Berat 1 62,232 Berat
93%
Durrës 1 202,920 Durrës
93%
Elbasan 1 141,714 Elbasan
93%
Fier 1 120,655 Fier
93%
Korçë 1 60,754 Korçë
93%
Lezhë 1 51,354 Lezhë
93%
Shkodër 1 135,612 Shkodër
93%
Vlorë 1 130,827 Vlorë
93%
Kukës 1 36,125 Kukës
87%
Gjirokastër 1 23,270 Gjirokastër
80%
Korçë 2 46,076 Pogradec
60%
Vlorë 2 22,613 Sarandë
60%
Tiranë 2 104,190 Kamëz
53%
Durrës 2 51,191 Krujë
53%
Fier 2 63,135 Lushnjë
53%
Tiranë 3 42,070 Kavajë
47%
Lezhë 2 34,405 Laç
47%
Dibër 1 61,619 Peshkopi
47%
Kukës 3 14,189 Bajram Curri
40%
Berat 2 31,077 Kuçovë
40%
Durrës 2 22,058 Shijak
40%
Fier 3 34,254 Divjakë
33%
Korçë 3 41,757 Maliq
33%
Berat 3 10,953 Poliçan
33%
Gjirokastër 3 8,949 Tepelenë
33%
Shkodër 3 30,438 Vau i Dejës
33%
Dibër 3 26,826 Bulqizë
27%
Elbasan 2 25,163 Cërrik
27%
Gjirokastër 2 10,657 Memaliaj
27%
Elbasan 3 24,906 Prrenjas
27%
Vlorë 3 16,396 Selenicë
27%
Dibër 2 27,600 Burrel
20%
Kukës 2 16,790 Krumë
20%
Lezhë 3 22,103 Rrëshen
20%
Shkodër 2 30,823 Kolik
13%
No matching quizzes found
Score Distribution
Percent of People with Each Score
Percentile by Number Answered
Your Score History
You have not taken this quiz